000 00352nam a2200145Ia 4500
005 20250425162012.0
008 250425s9999 xx 000 0 und d
041 _aeng
245 0 _aTHE MYTH OF THE ROBBER BARONS
250 _aS.E.
260 _aEstados Unidos
_bYOUNG AMERICA'S FUNDATION
_c1991
260 _aS.L.
942 _c01
010 _a39670
999 _c220441
_d220441